| 000 | 01363nam a2200325 a 4500 | ||
|---|---|---|---|
| 001 | 000046669 | ||
| 003 | DO-SdBNP | ||
| 005 | 20240302073951.0 | ||
| 007 | ta | ||
| 008 | 100203s2014 dr a 000 0 spa d | ||
| 020 | _z9789945468366 | ||
| 040 |
_aDO-SdBNP _bspa _cBNPHU |
||
| 082 |
_a923.5 _bN273C, 2014 _222 |
||
| 100 | 1 |
_aCassá, Roberto, _d1948- _910888 |
|
| 245 | 1 | 0 |
_aRamón Natera : _bel señor del monte / _cRoberto Cassá ; ilustraciones José Mercader. |
| 250 | _a2a. ed. | ||
| 260 |
_aSanto Domingo : _bTobogan, _c2014. |
||
| 300 |
_a64 p. : _bil. ; _c21 cm. |
||
| 490 | 1 | _aBibliografías Dominicanas Tobogán ; | |
| 504 | _aBibliografía : p. 61. | ||
| 505 | 0 |
_tEl contexto del caudilismo -- _tConfiguración del "Gavillerismo" -- _tEpicentro en el Este -- _tOrígenes de Natera -- _tLa intervensión militar -- _tLa campaña de Vicente Evangelista -- _tLa saga del rebelde -- _tLa recomposición de la jefatura -- _tLa insurgencia estancada -- _tAcoso, rendición y asesinato -- _tBibliografía. |
|
| 590 | _aInventariado, 2018/VM | ||
| 600 | 1 | 4 |
_aNatera, Ramón _d? _vBIOGRAFÍAS _974626 |
| 650 | 4 |
_aRepública dominicana _xBiografías _930688 |
|
| 651 | 4 |
_aRepública Dominicana _xHistoria _y1898-1934 _974627 |
|
| 700 | 1 | 2 |
_aMercader, José _eils. _956560 |
| 830 | 0 |
_aBibliografías Dominicanas Tobogán _951678 |
|
| 910 | _aVM | ||
| 942 |
_2ddc _cLBS1 |
||
| 999 |
_c46158 _d46158 |
||